Gotham Episodes - Statistics

General Stats
  • This quiz has been taken 22 times
  • The average score is 36 of 100
Answer Stats
Season Episode Title % Correct
Season 1 1 Pilot
100%
Season 2 12 Mr. Freeze
69%
Season 1 7 Penguin's Umbrella
69%
Season 3 15 How the Riddler Got His Name
62%
Season 1 15 The Scarecrow
62%
Season 3 6 Follow the White Rabbit
54%
Season 4 22 No Man's Land
54%
Season 1 6 Spirit of the Goat
54%
Season 1 3 The Balloonman
54%
Season 2 3 The Last Laugh
54%
Season 1 22 All Happy Families Are Alike
46%
Season 3 5 Anything for You
46%
Season 1 4 Arkham
46%
Season 2 19 Azrael
46%
Season 1 19 Beasts of Prey
46%
Season 3 1 Better to Reign in Hell...
46%
Season 3 2 Burn the Witch
46%
Season 2 1 Damned If You Do...
46%
Season 3 12 Ghosts
46%
Season 1 9 Harvey Dent
46%
Season 1 10 Lovecraft
46%
Season 5 3 Penguin, Our Hero
46%
Season 1 17 Red Hood
46%
Season 1 2 Selina Kyle
46%
Season 5 12 The Beginning...
46%
Season 3 9 The Executioner
46%
Season 1 8 The Mask
46%
Season 5 9 The Trial of Jim Gordon
46%
Season 1 20 Under the Knife
46%
Season 1 5 Viper
46%
Season 5 6 13 Stitches
38%
Season 2 21 A Legion of Horribles
38%
Season 3 19 All Will Be Judged
38%
Season 3 11 Beware the Green-Eyed Monster
38%
Season 3 21 Destiny Calling
38%
Season 1 18 Everyone Has a Cobblepot
38%
Season 3 22 Heavydirtysoul
38%
Season 5 10 I Am Bane
38%
Season 2 17 Into the Woods
38%
Season 2 2 Knock, Knock
38%
Season 2 15 Mad Grey Dawn
38%
Season 4 17 Mandatory Brunch Meeting
38%
Season 2 7 Mommy's Little Monster
38%
Season 4 21 One Bad Day
38%
Season 5 5 Pena Dura
38%
Season 2 18 Pinewood
38%
Season 3 7 Red Queen
38%
Season 4 8 Stop Hitting Yourself
38%
Season 4 4 The Demon's Head
38%
Season 1 14 The Fearsome Dr. Crane
38%
Season 3 17 The Primal Riddle
38%
Season 5 1 Year Zero
38%
Season 2 9 A Bitter Pill to Swallow
31%
Season 3 8 Blood Rush
31%
Season 2 6 By Fire
31%
Season 4 9 Let Them Eat Pie
31%
Season 3 18 Light the Wick
31%
Season 3 3 Look into My Eyes
31%
Season 4 1 Pax Penguina
31%
Season 3 20 Pretty Hate Machine
31%
Season 2 16 Prisoners
31%
Season 4 11 Queen Takes Knight
31%
Season 1 11 Rogues' Gallery
31%
Season 5 4 Ruin
31%
Season 2 5 Scarification
31%
Season 3 13 Smile Like You Mean It
31%
Season 2 4 Strike Force
31%
Season 1 21 The Anvil or the Hammer
31%
Season 1 16 The Blind Fortune Teller
31%
Season 4 2 The Fear Reaper
31%
Season 3 14 The Gentle Art of Making Enemies
31%
Season 2 10 The Son of Gotham
31%
Season 5 11 They Did What?
31%
Season 2 22 Transference
31%
Season 2 20 Unleashed
31%
Season 1 13 Welcome Back, Jim Gordon
31%
Season 1 12 What the Little Bird Told Him
31%
Season 5 7 Ace Chemicals
23%
Season 4 7 A Day in the Narrows
23%
Season 2 13 A Dead Man Feels No Cold
23%
Season 4 6 Hog Day Afternoon
23%
Season 3 4 New Day Rising
23%
Season 4 16 One of My Three Soups
23%
Season 4 18 That's Entertainment
23%
Season 3 16 These Delicate and Dark Obsessions
23%
Season 4 15 The Sinking Ship The Grand Applause
23%
Season 2 14 This Ball of Mud and Meanness
23%
Season 3 10 Time Bomb
23%
Season 2 8 Tonight's the Night
23%
Season 5 2 Trespassers
23%
Season 2 11 Worse Than a Crime
23%
Season 4 13 A Beautiful Darkness
15%
Season 5 8 Nothing's Shocking
15%
Season 4 12 Pieces of a Broken Mirror
15%
Season 4 14 Reunion
15%
Season 4 20 That Old Corpse
15%
Season 4 5 The Blade's Path
15%
Season 4 3 They Who Hide Behind Masks
15%
Season 4 10 Things That Go Boom
15%
Season 4 19 To Our Deaths and Beyond
15%
No matching quizzes found
Score Distribution
Percent of People with Each Score
Percentile by Number Answered
Your Score History
You have not taken this quiz